00421nam a2200145Ia 4500003000400000005001700004008004100021020001500062040000900077082002300086100002100109245009200130260004400222300000900266OSt20200618124634.0190216s9999||||xx |||||||||||||| ||und|| a8185557489 coclc a954.0250924bKIN/G aKincaid, Dennis  0aThe Grand Rebel :bAn Impression Of Shivaji,Founder Of Maratha Empire /cDennis Kincaid bLow Price Publications,c1993.a Delhi: a327p